000 00525nam a2200181Ia 4500
005 20250508152947.0
008 008 250505s9999 xx 000 0 hin d
037 _aBooks to be hide in OPAC
040 _aFEDL
_beng
_cFEDL
041 _ahin
_2eng
084 _a491.43, BAJ/O
_qFEDL
100 _aBajpayee Ambika Prasad
_9762840
245 0 _aHindi per farsi ka prabhav
260 _aDelhi, India
_bPremier Publishing Company
300 _a142p.
942 _cHB
_h491.43, BAJ/O
999 _c1339840
_d1339840